| 000 | 00753nas a2200229 454500 | ||
|---|---|---|---|
| 001 | 1789 | ||
| 005 | 20260407193504.0 | ||
| 008 | 260407s1992####ag###########|||spa#d | ||
| 003 | AR-UNSa-BCEJYS | ||
| 040 |
_aAR-UNSa-BCEJYS _bspa _cAR-UNSa-BCEJYS |
||
| 080 |
_a347 _xDerecho Civil |
||
| 245 | 1 | 0 | _aRevista de derecho privado y comunitario |
| 264 | 1 |
_aBuenos Aires : _bRubinzal-Culzoni Editores _c1992 |
|
| 310 | _aCuatrimestral | ||
| 942 | _cSER | ||
| 590 | _aniveau_biblio:s niveau_hierar:1 | ||
| 100 | 1 | _aAlegría, Héctor | |
| 700 | 1 | _aMosset Iturraspe, Jorge | |
| 650 | _aDerecho de los contratos | ||
| 650 | _aDerecho civil | ||
| 856 | 4 | 1 |
_uhttps://biblioeco.unsa.edu.ar/pmb/images/revistas/Emergencia y Pesificaci?n.jpg _yImagen de portada _qimage/jpeg |
| 999 |
_c8389 _d8389 |
||